Infrastructure sustainability and design / (Record no. 353701)

000 -LEADER
fixed length control field 01132cam a22003134a 4500
001 - CONTROL NUMBER
control field 16764027
003 - CONTROL NUMBER IDENTIFIER
control field OSt
005 - DATE AND TIME OF LATEST TRANSACTION
control field 20180116192415.0
008 - FIXED-LENGTH DATA ELEMENTS--GENERAL INFORMATION
fixed length control field 110505s2012 nyua b 001 0 eng
010 ## - LIBRARY OF CONGRESS CONTROL NUMBER
LC control number 2011019546
020 ## - INTERNATIONAL STANDARD BOOK NUMBER
International Standard Book Number 9780415893169 (hardback : alk. paper)
040 ## - CATALOGING SOURCE
Original cataloging agency DLC
Transcribing agency DLC
Modifying agency DLC
042 ## - AUTHENTICATION CODE
Authentication code pcc
050 00 - LIBRARY OF CONGRESS CALL NUMBER
Classification number NA9053.E58
Item number I54 2012
082 00 - DEWEY DECIMAL CLASSIFICATION NUMBER
Classification number 711/.12
Edition number 23
245 00 - TITLE STATEMENT
Title Infrastructure sustainability and design /
Statement of responsibility, etc. Spiro Pollalis ... [et al.].
260 ## - PUBLICATION, DISTRIBUTION, ETC.
Place of publication, distribution, etc. New York, NY :
Name of publisher, distributor, etc. Routledge,
Date of publication, distribution, etc. 2012.
300 ## - PHYSICAL DESCRIPTION
Extent 350 p. :
Other physical details ill. ;
Dimensions 29 cm.
504 ## - BIBLIOGRAPHY, ETC. NOTE
Bibliography, etc. note Includes bibliographical references and index.
650 #0 - SUBJECT ADDED ENTRY--TOPICAL TERM
Topical term or geographic name entry element City planning
General subdivision Environmental aspects.
9 (RLIN) 6541
650 #0 - SUBJECT ADDED ENTRY--TOPICAL TERM
Topical term or geographic name entry element Urban ecology (Sociology)
9 (RLIN) 6542
650 #0 - SUBJECT ADDED ENTRY--TOPICAL TERM
Topical term or geographic name entry element Sustainable development.
9 (RLIN) 6543
650 #0 - SUBJECT ADDED ENTRY--TOPICAL TERM
Topical term or geographic name entry element Ecological engineering.
9 (RLIN) 6544
700 1# - ADDED ENTRY--PERSONAL NAME
Personal name Pollalis, Spiro N.,
Dates associated with a name 1954-
9 (RLIN) 6545
906 ## - LOCAL DATA ELEMENT F, LDF (RLIN)
a 7
b cbc
c orignew
d 1
e ecip
f 20
g y-gencatlg
942 ## - ADDED ENTRY ELEMENTS (KOHA)
Source of classification or shelving scheme
Koha item type Book
Holdings
Withdrawn status Lost status Source of classification or shelving scheme Damaged status Not for loan Permanent Location Current Location Date acquired Total Checkouts Full call number Barcode Date last seen Copy number Cost, replacement price Price effective from Koha item type
          School of Art Design and Architecture (SADA) School of Art Design and Architecture (SADA) 05/31/2013   711.12 INF 2012 SADA0002003 01/05/2017 1 6237.64 01/05/2017 Book
© 2023 Central Library, National University of Sciences and Technology. All Rights Reserved.